00402nam a22001457a 450000500170000000800410001702200130005804100130007108200130008410000130009724500440011026000440015430000320019865000260023020240304142454.0240304b |||||||| |||| 00| 0 eng d a10233806 aEnglish  a349 BUT  lEnglish  aButterworths Law Reports : Labour Law  aDurban : bLexisNexis (Pty) Ltd,c2016  bxxii, 105 pages ; c25 cm.  aLegal practice bLaw